| 000 | 00531nam a2200205Ia 4500 | ||
|---|---|---|---|
| 003 | OSt | ||
| 005 | 20230601143559.0 | ||
| 008 | 210423s1984 xx 000 0 und d | ||
| 040 | _cAL | ||
| 041 | _aeng | ||
| 082 |
_a307.72 _223 _bKARB |
||
| 245 | _aBonded labours in nagasandra | ||
| 260 |
_aBangalore _bKarnataka civil liberties committe _c1984 |
||
| 300 |
_a176 _bPB |
||
| 365 | _cINR | ||
| 650 |
_aRural Communities _9118183 |
||
| 650 |
_aSociology _9118184 |
||
| 906 | _aBonded ; labours ; nagasandra | ||
| 942 |
_2ddc _cBK |
||
| 999 |
_c174683 _d174683 |
||